000
00305nam a2200109Ia 4500
008
171211s9999 xx 000 0 und d
245
_a
Lee Hammond's Big Book of Acrylic Painting
245
_c
Lee Hammond
260
_c
2012
650
_x
Drawing
856
_u
http://down.ebook777.com/005/9781440308581.rar
999
_c
348030
_d
348030